000 00332 a2200157 4500
001 155650
040 _cEscola São Tomás de Aquino
100 _aCHAUI, Marilena
240 1 0 _aFIlosofia
_lpor
245 1 0 _aFIlosofia
300 _a280
362 0 _a2009
440 1 _aÁtica
697 _aFILOSOFIA E PSICOLOGIA
942 _cBK
999 _c155650
_d155650